000 00559cam a22001934a 4500
005 20250605164157.0
008 250528s ||||||||||||||||||||||||d
035 _a19634
020 _a9608065429
040 _aGR-AtMCL
_bgre
_dGR-AtMCL
_eAACR2
245 1 _aΟ ΜΙΚΡΟΣ ΑΛΛΟΣ: ΜΕΙΟΝΟΤΙΚΕΣ ΟΜΑΔΕΣ ΣΤΗΝ ΠΡΟΣΧΟΛΙΚΗ ΕΚΠΑΙΔΕΥΣΗ
250 _a1
260 _bΖυγός,
_c2003
300 _a183
700 1 _aΤσιουμης Κωστης Α
_95843
942 _cBK
999 _c4890
_d4890